000
00212 a2200097 4500
001
12934
100
_a
Christopher Finn
245
_a
Effects Based Warfare
260
_a
_b
Media Services
_c
090
_c
9924
_d
9924
942
_a
NUST-CAE
_c
M
_c
36849
999
_c
248007
_d
248007